[Event "COL-ch visually impaired 2nd"]
[Site "Cali"]
[Date "2008.10.28"]
[Round "7.17"]
[White "Ramirez Rodriguez, Francisco"]
[Black "Pena Visbal, Roberto Enrique"]
[Result "0-1"]
[WhiteElo "1600"]
[BlackElo "1600"]
[PlyCount "38"]
[EventDate "2008.10.25"]
[EventType "swiss"]
[EventRounds "7"]
[EventCountry "COL"]
[SourceTitle "EXT 2024"]
[Source "ChessBase"]
[SourceDate "2023.10.10"]
[SourceVersion "1"]
[SourceVersionDate "2023.10.10"]
[SourceQuality "1"]

1. e4 e5 2. Bc4 Qf6 3. Nf3 Nc6 4. c3 Bc5 5. 0-0 Nge7 6. d3 h6 7. Be3 d6 8. Na3 a6 9. Rb1 b5 10. d4 exd4 11. Bxd4 Bxd4 12. Bxb5 axb5 13. Nxd4 Ne5 14. Naxb5 0-0 15. Nxc7 Ra7 16. Ndb5 Ra5 17. a4 Bb7 18. b4 Raa8 19. Ne6 Rac8 0-1